| 000 | 00435nam a2200157Ia 4500 | ||
|---|---|---|---|
| 008 | 160803s9999 xx 000 0 und d | ||
| 020 | _a9781845069872 | ||
| 100 | _aBright, Paul | ||
| 245 | _aCrunch munch dinosaur lunch! / | ||
| 245 | _cPaul Bright ; [illustrator], Michael Terry. | ||
| 260 | _aNew York : | ||
| 260 | _bScholastic Inc. | ||
| 260 | _c2010 | ||
| 300 | _a1 volume (unpaged) : illustrations ; 29 cm | ||
| 700 | _a600 | ||
| 999 |
_c298869 _d298869 |
||